5HLuxD.jpg

KING HENRY VIII SENIOR AND PRIMARY SCHOOL LIBRARY OPAC

Sound / (Record no. 518)

000 -LEADER
fixed length control field 01013nam a22002417a 4500
005 - DATE AND TIME OF LATEST TRANSACTION
control field 20190820080430.0
008 - FIXED-LENGTH DATA ELEMENTS--GENERAL INFORMATION
fixed length control field 190820b ||||| |||| 00| 0 eng d
020 ## - INTERNATIONAL STANDARD BOOK NUMBER
International Standard Book Number 9780062220189
040 ## - CATALOGING SOURCE
Transcribing agency KH8
082 ## - DEWEY DECIMAL CLASSIFICATION NUMBER
Classification number FIC DUN
100 ## - MAIN ENTRY--PERSONAL NAME
Personal name Duncan, Alexandra
245 ## - TITLE STATEMENT
Title Sound /
Statement of responsibility, etc. Alexandra Duncan
260 ## - PUBLICATION, DISTRIBUTION, ETC.
Place of publication, distribution, etc. [Place of publication not identified] :
Name of publisher, distributor, etc. Greenwillow Books,
Date of publication, distribution, etc. 2016.
300 ## - PHYSICAL DESCRIPTION
Extent 489 p. ;
Other physical details 21 cm.
500 ## - GENERAL NOTE
General note Companion to: Salvage
520 ## - SUMMARY, ETC.
Summary, etc. Ava's adopted sister Miyole is finally living her dream as a research assistant on her very first space voyage. But when her ship saves a rover that has been viciously attacked by looters and kidnappers, Miyole-along with a rescued rover girl named Cassia- embark on a mission to rescue Cassia's abducted brother, and that changes the course of Miyole's life forever.
650 ## - SUBJECT ADDED ENTRY--TOPICAL TERM
Topical term or geographic name entry element Science fiction.
650 ## - SUBJECT ADDED ENTRY--TOPICAL TERM
Topical term or geographic name entry element Scientists
Form subdivision Fiction.
650 ## - SUBJECT ADDED ENTRY--TOPICAL TERM
Topical term or geographic name entry element Lesbians
Form subdivision Fiction.
650 ## - SUBJECT ADDED ENTRY--TOPICAL TERM
Topical term or geographic name entry element Young adult fiction.
650 ## - SUBJECT ADDED ENTRY--TOPICAL TERM
Topical term or geographic name entry element Space
942 ## - ADDED ENTRY ELEMENTS (KOHA)
Source of classification or shelving scheme
Koha item type Books - Fiction
Holdings
Withdrawn status Lost status Source of classification or shelving scheme Damaged status Not for loan Collection code Permanent Location Current Location Shelving location Date acquired Full call number Barcode Date last seen Price effective from Koha item type
          Fiction KH8 Senior School Library KH8 Senior School Library Young Adult 2019-08-20 FIC DUN 3KHSL000101195 2024-07-23 2019-08-20 Books - Fiction

Powered By KH8 IT Dept